English vocabulary 2 - Statistiques

Statistiques générales
  • Ce quiz a été pris 13 fois
  • Le résultat moyen est 7 sur 59
Statistiques - réponses
Word Translation % Correct
trial essai/procès/épreuve
58%
scarlet écarlate/rouge
50%
pupil élève/écolier
50%
monk moine
50%
dud raté/nul/échec
50%
hoover aspirateur
42%
daring audacieux/osé
42%
shore rive/côte/bord
42%
bewitched ensorcelé/enchanté
33%
trolley chariot
25%
accountant comptable
25%
a flop échec/fiasco
25%
trunk malle/coffre
25%
thickset trapu/épais
25%
brim bord/rebord
17%
jolt choc/décharge
17%
daisies marguerite/pâquerette
17%
pier quai/jetée
17%
wit sagacité/intelligence
17%
mutely silencieusement
17%
trot trot
17%
velvety velouté/soyeux
17%
rip arracher
8%
dwell habiter/demeurer
8%
peered regardé/scruté
8%
cunning rusé/malin/fourbe
8%
gloomy sombre/lugubre
8%
four-poster à baldaquin
0%
hinge articulation/rotule
0%
babble bafouiller/bavardage
0%
jostled bousculé/secoué
0%
clattering bruit/cliquetis
0%
ruff collerette/fraise
0%
ought devoir
0%
plump dodu/charnu
0%
reckons estime
0%
cooly froidement
0%
humbug fumisterie
0%
sidlled furtif/faufilé/glissé
0%
glided glissé/plané
0%
billowing gonflées/bouffantes/flottant
0%
nibble grignoter/mordiller/picorer
0%
hooted hué/moqueux
0%
toil labeur/travail
0%
bowler lanceur
0%
disgruntled mécontant
0%
treacle mélasse
0%
dumpy miteux/trapu
0%
gloom morosité/déprimer/tristesse
0%
queasy nauséeux/mal à laise
0%
conk pif
0%
whichever quel que soit
0%
briskly rapidement/vivement/brusquement
0%
gravy sauce brune
0%
smudgred taché/bavé
0%
treacle tart tartelette à la mélasse
0%
ting tintement/résonner
0%
folck traditionelle/populaire
0%
miffed vexé/faché/contrarié
0%
Aucun quiz correspondant
Distribution des résultats
% des personnes avec chaque résultat
Percentile par nombre de réponses
Votre historique - résultats
Vous n’avez pas pris ce quiz